[Event "Reykjavik op"]
[Site "Reykjavik"]
[Date "2011.03.15"]
[Round "8"]
[White "Jones, Gawain C B"]
[Black "Sveshnikov, Vladimir"]
[Result "1-0"]
[WhiteElo "2578"]
[BlackElo "2379"]
[Annotator "Jones,G"]
[PlyCount "63"]
[EventDate "2011.03.09"]
[EventType "swiss"]
[EventRounds "9"]
[EventCountry "ISL"]
[SourceTitle "CBM 141 Extra"]
[Source "ChessBase"]
[SourceDate "2011.05.03"]
[SourceVersion "1"]
[SourceVersionDate "2011.05.03"]
[SourceQuality "1"]

1. e4 Nf6 {A surprise. I had expected a Sicilian. Unusually this was my third
Alekhine in four 1.e4 games and after some thought decided to see what he'd
got against my Four Pawns Attack.} 2. e5 Nd5 3. d4 d6 4. c4 Nb6 5. f4 dxe5 ({
Alex Baburin, Ireland's only GM and leading Alekhine expert, tried the sideline
} 5... Bf5 {in the last round of the Bunratty Masters, a weekender famous for
its social side.} 6. Nf3 {An unusual move order.} (6. Nc3 e6 7. Be3 {was
played in an earlier game of Alex's from the tournament but following} dxe5 8.
fxe5 Bb4 9. Nf3 c5 {Hunt,A-Baburin,A Bunratty 2011. He reached a very playable
position and White had to grovel rather to hold onto the half point.}) 6... e6
7. Nc3 Na6 8. Bd3 Bxd3 9. Qxd3 c5 {Alex offered me a draw here as were both
leading the tournament by half a point but I wanted to win outright.} 10. d5 $1
{And this was my improvement over Djurhuus,R-Agdestein,S Asker 2000 in which
White erred with 10.dxc5.} exd5 11. cxd5 Be7 (11... c4 {is an important
alternative.}) 12. O-O O-O 13. Qe4 {This was the end of my pre-game
preparation and I believed White should have some advantage here with greater
space.} Nc7 14. Rd1 Qe8 $2 15. f5 $1 {And my kingside attack quickly crashed
through.} Kh8 16. Bf4 Rd8 17. f6 gxf6 18. exd6 Bxd6 19. Qf5 $1 Bxf4 20. Qxf6+
Kg8 21. Qxf4 Qd7 22. Ne5 Qe7 23. d6 {1-0 Jones,G (2590)-Baburin,A (2530)
Bunratty 2011.}) 6. fxe5 Nc6 7. Be3 Bf5 8. Nc3 e6 9. Nf3 Bg4 {This has been
Black's recent attempt at equality but the positions look rather depressing to
me.} (9... Be7 {has been played most frequently when the mainline continues}
10. d5 exd5 11. cxd5 Nb4 12. Nd4) ({While} 9... Qd7 {is Black's other main try.
}) 10. Be2 Bxf3 11. gxf3 Qh4+ 12. Bf2 Qf4 13. c5 Nd5 {Only here did Sveshnikov
deviate from another recent game of mine.} ({Nigel Short continued with the
older} 13... Nd7 14. Qc1 {Generally White wants to trade queens in these
positions so that his king feels more secure.} Qxc1+ (14... Qf5 15. Qb1 {
and Black would not really be able to avoid the queen trade.}) 15. Rxc1 O-O-O
16. a3 $5 (16. f4 {has been the more common move and is probably stronger
although I didn't want to fix my pawn structure immediately and was concerned
about} g6 {followed by ...Bh6 and rerouting the knights as he did in the game
with ...Ndb8, ...Ne7 and ...Nbc6 hitting both the f4- and d4-pawns.}) 16...
Ndb8 (16... g6 $1 {is critical.}) 17. Rd1 Ne7 18. f4 Nbc6 19. Bc4 g6 20. d5 (
20. Ke2 {is a slight nuance.}) 20... exd5 21. Nxd5 Nxd5 $6 (21... g5 $1 {
was necessary creating good counter-chances.}) 22. Bxd5 Bh6 23. Bh4 Rd7 24. Rf1
Re8 25. Bf6 Nd8 26. b4 {and my opening had been a definite success and I
eventually went on to convert my space advantage and bishop pair. Jones,G 
(2593)-Short,N (2650) Bunratty 2011. You can see both this and my game against
Baburin annotated in my column for www.chesspublishing.com.}) 14. Nxd5 exd5 15.
Qd2 {After a think Sveshnikov decided to keep queens on the board. It later
transpired that he hadn't seen my games from Bunratty!} Qf5 (15... Qxd2+ {
has been normal but the consensus is that Black has a tough task to hold the
draw. A recent GM game confirmed this view:} 16. Kxd2 Ne7 (16... g6 {had been
normal but} 17. Be3 $1 {seems to put Black in some trouble. Again Chess
Publishing is a good place to check out the wrinkles of the variation.}) 17.
Bb5+ $1 {Forcing ...c6 after which b4-b5 becomes more powerful.} c6 18. Bd3 g6
19. b4 Bh6+ 20. Kc3 Kd7 21. b5 Rhc8 22. h4 $1 {Bologan,V (2684)-Rozentalis,E 
(2628) Mulhouse 2010. Opening up a second front and White had a fantastic
position.}) 16. O-O-O a5 $6 {Black has a cheap threat of ...Nb4xa2 but in the
long run a5 has created a weakness on b5 which could prove highly important.
However it's not really clear what Black's plan is here and thus the idea to
keep queens on the board must be called suspect.} (16... O-O-O {is safer
although} 17. Bd3 $1 {is probably good for White as} Qxf3 18. Be3 Qh5 19. Rdf1
{regains the pawn with a very comfortable position.}) 17. Qd3 {The safest
option. I think Black should trade queens but as he has declined it already I
felt confident he would still want to keep them on the board.} (17. f4 {
is a good alternative as} Nb4 18. b3 {doesn't get Black anywhere.}) 17... Qd7 {
Vladimir picked up his queen, placed it on d7 and then returned it to f5.
Another 10 minutes later he finally decided on the move and I was relieved.} (
17... Qxd3 {must be objectively better although} 18. Rxd3 g6 19. f4 Bh6 20. Be3
{leaves White with a safe edge. The pawn on a5 is a real liability as b6 lacks
all punch while Rb3 and Bb5 ideas are strong.}) 18. a3 {Again this was
probably not necessary but I wanted to prevent Black from getting any tricks.}
a4 19. f4 {Finally I get round to playing the thematic pawn advance :)} g6 20.
Rhg1 h5 (20... Bh6 21. Be3 {followed by Bg4 and Black has no safe location for
his king.}) 21. Bf1 $1 {This seemed logical to me, re-routing the bishop round
to h3 and preventing Vladimir from castling long.} Bh6 (21... Qf5 {would last
longer but understandably Black didn't want to allow himself to be tormented
following} 22. Qxf5 gxf5 23. Bh3 Ne7 (23... Bh6 24. Bxf5 Bxf4+ 25. Kc2 Bxh2 26.
Rg2 Bf4 27. Rh1 Ne7 28. Bd3 {and the threat of Rh4 will retrieve at least a
pawn with fantastic prospects.}) 24. Bh4 Bh6 25. Kc2 Bxf4 26. Rgf1 Bh6 27. Bxf5
Rg8 28. Bh3 $16 {Black's position must be lost. The black king is stuck in the
centre of the board, White has a better pawn structure, the bishop pair and
better piece coordination.}) 22. Bh3 $1 {This was my longest think of the game
as I tried to find the win.} ({I also considered} 22. Bh4 {with the idea of
keeping the king stuck in the centre. I'm obviously better and the line I
investigated continued:} Bxf4+ 23. Kb1 {but} Qf5 24. Qxf5 gxf5 25. Bf6 Rf8 26.
Bb5 {but I wasn't sure I had enough to win after} Ra5 27. Bxc6+ bxc6 28. Rgf1
Bxh2 29. Rxf5 {The game continuation appears more accurate.}) 22... Bxf4+ 23.
Kb1 Qe7 24. e6 O-O-O {Sveshnikov played this move very quickly but now my
f-pawn should decide.} ({My main line of investigation continued with} 24... g5
{when with Black's king stuck in the centre I feel White must be winning.} 25.
exf7+ Kf8 (25... Qxf7 26. Be3 $1 Bxe3 (26... g4 27. Rdf1 gxh3 28. Bxf4 Ne7 (
28... O-O-O 29. Bg5) 29. Qb5+ c6 30. Qxb7 Qf5+ 31. Ka2 Qc8 32. Qb4 {and
White's attack is obviously decisive.}) 27. Qxe3+ Qe7 28. Qxg5 Qxg5 29. Rxg5
Ne7 30. Re1 Kf8 31. Rf1+ Ke8 32. Rg7 $18) (25... Kxf7 26. Rde1 Qd8 27. Re6 Ne7
28. Rge1 $18) 26. Rde1 Qxf7 27. Be6 Qh7 28. Bf5 Qg7 29. h4 g4 30. Rgf1 $1 {
and White's attack will break through.}) (24... f5 25. Rxg6 O-O-O 26. Qxf5 Bxh2
27. Rf6 {and the e-pawn will win.}) 25. exf7+ Kb8 26. Rxg6 Bxh2 ({Black can't
really take the pawn.} 26... Qxf7 27. Bh4 Rdf8 28. Be6 Qh7 29. Bxd5 Bxh2 30.
Bf6 {wins material.}) 27. Be6 ({Perhaps} 27. Rh1 {is a slightly stronger move
order} Bf4 (27... Be5 $5 {now allows} 28. Rxc6 bxc6 29. dxe5 $18) 28. Be6)
27... h4 28. Rh1 (28. Be3 {followed by Bg5 is winning as} Rh5 29. Qe2 {forks
rook and bishop.}) 28... Be5 $1 {Black's last try.} (28... Bf4 29. Qf5 {
is also decisive.}) 29. Be3 (29. dxe5 Nxe5 30. Qf5 Nxg6 31. Qxg6 {is also
winning but there's no point allowing Black any hint of counterplay with} d4)
29... Bf6 30. Rf1 ({I also thought} 30. Qf5 {must be good enough but I didn't
want to allow any cheapos based on tricks on b2 after} Bxd4 31. Bg5 Qxc5 32.
Bxd8 Bxb2 {but here the simple} 33. Rg8 {wins.}) 30... h3 (30... Qxe6 31. Rgxf6
Qe7 32. Bh6 {is very straightforward.}) 31. Rgxf6 h2 32. Bxd5 1-0

[Event "Sydney Cepacol"]
[Site "Sydney"]
[Date "1991.??.??"]
[Round "7"]
[White "Solomon, Stephen J"]
[Black "Kanikevich, Alexander"]
[Result "1-0"]
[WhiteElo "2420"]
[BlackElo "2360"]
[Annotator "King,D"]
[PlyCount "41"]
[EventDate "1991.01.??"]
[EventType "tourn"]
[EventRounds "9"]
[EventCountry "AUS"]
[EventCategory "9"]
[SourceTitle "CBM 023"]
[Source "ChessBase"]
[SourceDate "1991.08.01"]
[SourceVersion "1"]
[SourceVersionDate "1991.08.01"]
[SourceQuality "1"]

1. e4 Nf6 2. e5 Nd5 3. d4 d6 4. c4 Nb6 5. f4 dxe5 6. fxe5 c5 7. d5 g6 $6 (7...
e6) 8. Bf4 Bg7 9. Nc3 O-O 10. Qd2 e6 11. O-O-O exd5 12. cxd5 c4 13. Nf3 Bg4 14.
Bh6 Bxf3 15. Bxg7 Bxd1 {Losing on the spot, but let's face it, black's
position is truly miserable anyway: 15...Kxg7 16.gxf3 +/-.} 16. Bf6 N8d7 17.
Bxd8 Raxd8 18. Qxd1 Nxe5 19. h4 h5 20. Be2 Rd6 21. Ne4 1-0

[Event "Israel liga arzit"]
[Site "Israel"]
[Date "1998.??.??"]
[Round "?"]
[White "Kundin, Alexander"]
[Black "Serebro, Alexsandr"]
[Result "1-0"]
[WhiteElo "2425"]
[BlackElo "2340"]
[Annotator "Kundin,A"]
[PlyCount "111"]
[EventDate "1998.??.??"]
[EventType "team"]
[EventRounds "3"]
[EventCountry "ISR"]
[SourceTitle "CBM 066"]
[Source "ChessBase"]
[SourceDate "1998.09.30"]
[SourceVersion "1"]
[SourceVersionDate "1998.09.30"]
[SourceQuality "1"]

1. e4 Nf6 2. e5 Nd5 3. d4 d6 4. c4 Nb6 5. exd6 cxd6 6. Nc3 g6 7. Be3 Bg7 8. Rc1
O-O 9. b3 $5 (9. Nf3 $6 Bg4 {White shouldn't allow black to exchange his bishop
}) (9. h3 $5) (9. Be2 d5 (9... Nc6 $6 10. d5 Ne5 11. b3 e6 (11... Bf5 12. Nf3
$14 {Black doesn't have compensation for white's positional advantage}) 12. f4
Ned7 13. dxe6 fxe6 14. Qxd6 $14) 10. c5 Nc4 11. Bxc4 dxc4 $14) 9... e5 $1 {
Reminds white that he hasn't castled yet} (9... Nc6 10. d5 Ne5 11. Be2 $14) 10.
dxe5 (10. d5 f5 $132) (10. Nf3 Bg4 11. Be2 Nc6 12. d5 Bxf3 13. Bxf3 Nd4 {
With a good counter play for black}) 10... dxe5 11. c5 N6d7 $146 (11... Qxd1+
12. Rxd1 N6d7 $14 {White has a clear plan-to advance his queen side pawns.It
is difficult to oppose to this.}) 12. Nf3 Nc6 13. Bc4 $5 (13. Bb5 $2 {Looks
very good,preventing b6 and Nf6,but...} e4 $1 {Exploiting the better
development} (13... Qa5 $6 14. O-O e4 15. Nd4 $14) 14. Nd4 (14. Nxe4 $2 Qa5+
$19) (14. Bxc6 bxc6 15. Nxe4 Ba6 $44 {I think that white has a very unpleasant
position,since he may never castle. Black has a very strong initative,and
nobody likes to have such a position playing white after the opening!}) 14...
Nxc5 (14... Nxd4 15. Bxd4 Bxd4 16. Qxd4 Qg5 17. O-O Nxc5 18. h4 $1 $13 {/\ b4}
(18. b4 $2 Bh3 $1)) 15. Nxc6 bxc6 16. Bxc5 Bxc3+ 17. Rxc3 Qxd1+ 18. Kxd1 Rd8+
19. Ke2 cxb5 $15) (13. Be2 $5 {/\ Nd2-c4} Qa5 $5 (13... b6 14. cxb6 Nxb6 15.
O-O Bb7 $11) 14. O-O Nxc5 $13) 13... Qa5 {The truth is that I've simply
overlooked this move.} (13... b6 $5 {Looks very dangerous,but white has nothing
} 14. Bg5 Nf6 15. Qxd8 Rxd8) 14. O-O (14. Qd6 $2 e4) 14... Nxc5 {I felt that
there must be some compensation for the pawn,and after spending about 30
minutes,I have found it.} 15. b4 $1 (15. Ng5 Be6 16. Nxe6 Nxe6 17. Bxe6 fxe6
$11) 15... Nxb4 16. Nd5 Nba6 (16... Nxd5 17. Qxd5 b6 18. Qxa8 (18. Nxe5 $2 Be6)
(18. Bxc5 $2 Be6) 18... Bb7 19. Qxf8+ $1 (19. Bxf7+ Kxf7 20. Rxc5 Rxa8 21. Rxa5
bxa5 $15) 19... Bxf8 (19... Kxf8 20. Ng5 {White has a much better position.} f6
$2 21. Bxc5+ $18) 20. Ng5 {Despite the two pawns,the queen is not a match to
white's rooks.}) 17. Bd2 $1 (17. Ne7+ Kh8 18. Nxe5 Bxe5 19. Qd5 Bxh2+ $1) 17...
Qa4 (17... Qd8 18. Bg5 Qa5 {White has a vide variety of good moves: Nf6; Be7;
and he can force draw:Bd2} (18... Qd7 19. Bxa6 Nxa6 20. Ne7+ Kh8 21. Rxc8 $1
Qxd1 22. Rxf8+ Rxf8 23. Rxd1 $18)) 18. Qxa4 Nxa4 {Here I spent another thirty
minutes,until I found the idea.} 19. Ne7+ (19. Bxa6 bxa6 20. Bb4 Rd8 21. Ne7+
Kh8 22. Ng5 Be6 23. Nxe6 fxe6 {And black has an ugly,but good position.}) 19...
Kh8 20. Ng5 (20. Nxc8 Raxc8 21. Ng5 Rc7 22. Bxa6 Rxc1 23. Bxc1 bxa6 24. Ba3 Rb8
25. Nxf7+ Kg8 {Once again black has nothing to afraid of.}) 20... Be6 21. Bxe6
fxe6 {[#]} 22. Rc4 $1 {And the show goes on! Even in endgame,white's initative
is still a factor.} Bf6 (22... Rae8 23. Nxh7 (23. Nxg6+ hxg6 24. Rxa4 $16) (23.
Rh4 Rxe7 24. Nxh7 $18) 23... Rxe7 (23... Kxh7 24. Rh4+ Bh6 25. Bxh6 $18) 24.
Nxf8 $18) 23. Rh4 Bxe7 (23... Bxg5 24. Bxg5 $18) 24. Rxh7+ Kg8 25. Rxe7 N4c5
26. Nxe6 Rf7 27. Rxf7 Kxf7 28. Ng5+ Kf6 29. f4 $1 exf4 30. Rxf4+ Ke5 31. Nf3+
Kd5 32. Rg4 $18 Rg8 {Here I missed a good chance to win.} 33. Rg5+ $2 (33. Nh4
Ne4 34. Nxg6 $18) (33. h4 Ne4 34. Be3 {/\ h5-h6!}) 33... Ke6 {And the only
thing white has achieved is moving the black king closer.} 34. h4 Nd7 35. h5
Nac5 36. h6 Ne4 {[#]} 37. Rxg6+ $1 Kf7 $1 (37... Rxg6 38. h7 Nxd2 39. Nd4+ $1
Kd5 40. h8=Q $18) 38. Rxg8 Kxg8 39. Be3 Ndf6 {Black has a good drawing chances
if he exchanges his a7 pawn for white's h6.} 40. Ne5 Kh7 41. g4 $1 (41. Bxa7
Kxh6 42. Nf7+ Kg6 43. Nd8 b5 {With a good chances for draw.}) 41... Nd5 42. Bc1
Nec3 43. Kf2 Nxa2 44. Bd2 Nac3 $2 {The fatal mistake.Black didn't feel
comfortable with his knight on a2,but he should have ignored this.} (44... b5
$2 45. Nd7 $1) (44... Ne7 $1 45. g5 Ng6 46. Nd7 b5 {/\ b4-Nc3}) 45. Kf3 Nb5 46.
Nd7 $1 (46. g5 $2 Ne7 47. Nd7 Ng6) 46... Nd6 47. Nf8+ Kg8 48. h7+ Kg7 49. Bh6+
Kh8 50. Bc1 $18 Nc4 51. g5 Ne7 52. Kg4 b5 53. Kh5 Kg7 (53... b4 54. g6 (54.
Ng6+ $2 Nxg6 55. Kxg6 Ne5+ 56. Kf6 (56. Kh6 Nf7+ $11) (56. Kf5 Nd3 57. g6 Nxc1
58. Kf6 (58. Kg5 Kg7 $1) 58... Nd3) 56... Nd7+ $1 (56... Ng4+ $2 57. Kf5 $18)
57. Ke7 (57. Kf7 Ne5+ $11) 57... Kxh7 58. Kxd7 Kg6 59. Ke6 b3 60. Ke5 b2) 54...
Nf5 (54... b3 55. Bg5 Ng8 56. hxg8=Q+ Kxg8 57. Nh7 b2 58. Bh6 b1=Q 59. Nf6+ Kh8
60. g7#) 55. Kg5 (55. Ne6 $1 Ng3+ 56. Kg5 b3 57. Nd8 $18) 55... Ng7 56. Kf6 b3
57. Ne6 Nh5+ (57... Ne8+ 58. Ke7 $18) 58. Ke7 b2 59. Bxb2+ Nxb2 60. Ng5 $18)
54. g6 Nf5 (54... Nxg6 55. Bh6+) 55. Bh6+ $1 Nxh6 (55... Kh8 56. Kg5 Ncd6 57.
Kf6 $18) 56. Ne6+ {Black has made 23(!) out of 56 moves with his knights.A
typical game in Alekhin variation!} 1-0

[Event "Gibraltar Masters 10th"]
[Site "Caleta"]
[Date "2012.01.24"]
[Round "1"]
[White "Kulaots, Kaido"]
[Black "Piasetski, Leon David"]
[Result "1-0"]
[WhiteElo "2581"]
[BlackElo "2305"]
[Annotator "Let's Check Training"]
[PlyCount "59"]
[EventDate "2012.01.24"]
[EventType "swiss"]
[EventRounds "10"]
[EventCountry "GGB"]
[SourceTitle "CBM 147"]
[Source "ChessBase"]
[SourceDate "2012.03.16"]
[SourceVersion "1"]
[SourceVersionDate "2012.03.16"]
[SourceQuality "1"]

1. e4 Nf6 2. e5 Nd5 3. d4 d6 4. c4 Nb6 5. f4 Bf5 6. Nc3 e6 7. Nf3 Be7 8. Be3
O-O 9. Bd3 Bxd3 10. Qxd3 d5 11. b3 dxc4 12. bxc4 Nc6 13. Ne4 f6 14. O-O Qd7 15.
exf6 gxf6 16. f5 exf5 17. Ng3 Nb4 18. Qb3 f4 19. Bxf4 Nc6 $6 (19... Kh8 20.
Rac1 Rac8 $16) 20. Qd3 $2 (20. c5+ $18) 20... Nb4 21. Qc3 c5 22. d5 Rae8 23.
Bh6 Rf7 {[%tqu "En","","","","f3g5","",10]} 24. Ng5 $1 Bd8 25. Nxf7 Qxf7 26.
Nf5 Qg6 27. Rae1 Nxa2 28. Rxe8+ Qxe8 29. Qg3+ Qg6 30. Qd6 1-0

[Event "Brasschaat op 03rd"]
[Site "Brasschaat"]
[Date "2003.08.??"]
[Round "6"]
[White "Docx, Stefan"]
[Black "Dutreeuw, Marc"]
[Result "0-1"]
[WhiteElo "2400"]
[BlackElo "2383"]
[Annotator "Maes,V"]
[PlyCount "77"]
[EventDate "2003.08.24"]
[EventType "swiss"]
[EventRounds "9"]
[EventCountry "BEL"]
[SourceTitle "EXT 2007"]
[Source "ChessBase"]
[SourceDate "2006.11.23"]
[SourceVersion "1"]
[SourceVersionDate "2006.11.23"]
[SourceQuality "1"]

1. e4 Nf6 2. e5 Nd5 3. d4 d6 4. c4 Nb6 5. exd6 exd6 6. Nc3 Nc6 7. Be3 Be7 8.
Qf3 (8. Nf3) 8... O-O 9. O-O-O Bg5 (9... Be6) (9... f5 $6) 10. h4 Bxe3+ 11.
fxe3 Qe7 12. g4 Re8 13. e4 Na5 14. b3 c5 15. d5 $2 Nd7 16. g5 a6 17. Qf4 Ne5
18. Be2 Bd7 19. Nf3 Nxf3 20. Bxf3 b5 21. Be2 bxc4 22. Bxc4 Nxc4 23. bxc4 Rab8
24. Kc2 Rb4 25. Kd3 Rf8 $1 26. Rhe1 f6 27. Re3 Be8 28. Rg1 Bg6 29. gxf6 Rxf6
30. Qg5 Qf7 31. Qg3 Rb2 32. Rg2 Rb8 33. Rg1 Rf4 34. Qg5 Re8 35. a3 Rf3 36. Rg3
Rf1 37. Rg2 Rb8 38. Reg3 Rf3+ 39. Kc2 {(time)} (39. Kc2 Rf2+ 40. Rxf2 Qxf2+)
0-1

[Event "Cupa Dinamo"]
[Site "Brasov"]
[Date "1998.??.??"]
[Round "7"]
[White "Sofronie, Iulian"]
[Black "Zlatic, Mihailo"]
[Result "0-1"]
[WhiteElo "2405"]
[BlackElo "2375"]
[Annotator "Marin,M"]
[PlyCount "69"]
[EventDate "1998.03.??"]
[EventType "tourn"]
[EventRounds "11"]
[EventCountry "ROU"]
[EventCategory "8"]
[SourceTitle "CBM 063 Extra"]
[Source "ChessBase"]
[SourceDate "1998.04.29"]
[SourceVersion "1"]
[SourceVersionDate "1998.04.29"]
[SourceQuality "1"]

1. e4 Nf6 2. e5 Nd5 3. d4 d6 4. c4 Nb6 5. exd6 cxd6 6. Nc3 g6 7. Be3 Bg7 8. Rc1
O-O 9. b3 Bf5 10. Be2 d5 11. c5 Nc8 12. Bf3 Nc6 (12... e6 13. g4) 13. Bxd5 e5
14. Bxc6 bxc6 15. dxe5 $6 (15. Nge2 exd4 16. Bxd4 $18) 15... Bxe5 16. Qxd8 Rxd8
17. Nf3 Bg7 18. O-O Ne7 19. Bg5 Rd7 20. Rfe1 Nd5 21. Nxd5 Rxd5 22. Red1 Be4 23.
Rxd5 Bxd5 $44 24. Nd2 f5 25. Kf1 (25. h4 $142) 25... h6 26. Be7 Re8 27. Bd6 g5
28. f3 g4 29. Bf4 h5 30. a4 Bd4 31. b4 a6 {[#]} 32. fxg4 $2 fxg4 33. g3 h4 $1
$18 34. Re1 (34. gxh4 Rf8) (34. Nc4 h3 {/\Bg2}) 34... Bg2+ 35. Kxg2 0-1